Loading...
Mythology | 0 | 6 | 0 | 0 | 60 | 54 | 75.67 | 0 | 2 |
Science - Other Science | 0 | 5 | 0 | 1 | 50 | 45 | 69.20 | 0 | 2 |
Painting/Sculpture | 0 | 4 | 0 | 0 | 40 | 95 | 108.00 | 0 | 0 |
Literature - European Literature | 0 | 4 | 0 | 1 | 40 | 110 | 112.25 | 0 | 0 |
Religion | 0 | 3 | 0 | 1 | 30 | 53 | 85.67 | 1 | 1 |
Science - Biology | 0 | 3 | 0 | 0 | 30 | 43 | 64.00 | 1 | 1 |
History - Other History | 0 | 3 | 0 | 0 | 30 | 50 | 63.67 | 0 | 0 |
Social Science | 0 | 3 | 0 | 0 | 30 | 66 | 80.33 | 0 | 0 |
Science - Chemistry | 0 | 3 | 0 | 1 | 30 | 76 | 90.33 | 0 | 0 |
Literature - British Literature | 0 | 2 | 0 | 1 | 20 | 78 | 97.50 | 0 | 0 |
Current Events | 0 | 2 | 0 | 1 | 20 | 92 | 96.50 | 0 | 0 |
Fine Arts - Classical Music | 0 | 2 | 0 | 1 | 20 | 96 | 99.50 | 0 | 0 |
Fine Arts - Other Fine Arts | 0 | 2 | 0 | 0 | 20 | 72 | 78.50 | 0 | 1 |
Geography | 0 | 2 | 0 | 1 | 20 | 99 | 108.50 | 0 | 0 |
Literature - World Literature | 0 | 2 | 0 | 0 | 20 | 94 | 108.00 | 0 | 0 |
Pop Culture | 0 | 2 | 0 | 1 | 20 | 37 | 76.50 | 0 | 0 |
History - World History | 0 | 1 | 0 | 0 | 10 | 62 | 62.00 | 0 | 0 |
History - European History | 0 | 1 | 0 | 0 | 10 | 67 | 67.00 | 0 | 1 |
Philosophy | 0 | 1 | 0 | 1 | 10 | 102 | 102.00 | 0 | 0 |
Fine Arts - Classical Music | 0 | 1 | 0 | 1 | 10 | 116 | 116.00 | 0 | 0 |
History - American History | 0 | 2 | 2 | 0 | 10 | 49 | 55.50 | 0 | 2 |
Science - Physics | 0 | 1 | 0 | 1 | 10 | 101 | 101.00 | 0 | 0 |
Philosophy | 0 | 1 | 0 | 1 | 10 | 109 | 109.00 | 0 | 0 |
Literature - British Literature | 0 | 1 | 0 | 1 | 10 | 115 | 115.00 | 0 | 0 |
Current Events | 0 | 1 | 0 | 0 | 10 | 54 | 54.00 | 0 | 0 |
Science - Physics | 0 | 1 | 1 | 0 | 5 | 74 | 74.00 | 0 | 0 |